[Event "53rd Capablanca Memorial 2018"]
[Site "Havana"]
[Date "2018.05.12"]
[Round "4"]
[White "Bacallao Alonso, Yusnel"]
[Black "Rakhmanov, Aleksandr"]
[Result "1/2-1/2"]
[WhiteElo "2594"]
[BlackElo "2635"]
[Annotator "TA"]
[PlyCount "142"]
[EventDate "2018.05.19"]
[EventType "tourn"]
[EventCountry "CUB"]
[SourceTitle "playchess.com"]
[Source "ChessBase"]
[SourceQuality "1"]

{[%evp 10,142,25,17,13,8,20,17,17,8,26,12,25,21,25,17,22,13,24,22,19,17,20,15,27,18,28,28,22,24,22,27,35,19,26,0,0,0,0,0,0,-11,-8,-7,0,0,0,0,0,0,0,0,0,0,0,0,0,0,0,0,0,0,0,0,0,0,17,0,14,8,7,0,0,0,0,0,0,0,0,0,65,0,0,0,32,0,0,0,0,0,0,0,0,0,0,-199,-125,-764,-27,-13,-12,-18,-21,-51,0,0,0,0,0,0,0,0,0,0,0,0,0,0,0,0,0,0,0,0,0,0,0,0,0,0,0,0,0,0,0]} 1. c4 e6 2. Nf3 d5 3. d4 a6 4. cxd5 exd5 5. Nc3 Nf6 6. Qb3 {LiveBook: 11 Games. D37: Queen's Gambit Declined: 5 Bf4} (6. Bg5 Be6 7. e3 Nbd7 8. Bd3 Bd6 9. Bf4 Qe7 10. O-O O-O 11. h3 Rfe8 12. Qc2 {½-½ (12) Aronian,L (2805)-Carlsen,M (2837) Riadh 2017}) 6... h6 7. Bf4 Bd6 8. Be5 $146 ({Predecessor:} 8. Bxd6 Qxd6 9. e3 Nc6 10. Bd3 O-O 11. h3 Be6 12. Rc1 Ne7 13. O-O b6 {½-½ (35) Erdos,V (2628)-Kovalyov,A (2641) Linares 2017}) 8... c6 9. e3 Bxe5 10. Nxe5 Nbd7 11. Nxd7 Qxd7 12. Qa3 Qe7 13. Qxe7+ Kxe7 14. Bd3 Be6 15. Kd2 Nd7 16. Rhc1 Kf6 17. f3 g5 18. Rf1 Ke7 19. Rae1 f5 20. Rh1 Nf6 21. h4 Rag8 22. Rh2 g4 23. Ne2 gxf3 24. gxf3 Nh5 25. Rg1 (25. Nf4 {keeps more tension.} Nxf4 26. exf4 Kf6 27. Rhe2 Bc8 28. h5) 25... Rxg1 26. Nxg1 Rg8 27. Ne2 a5 28. a3 Kf6 29. Ke1 f4 30. Nxf4 Nxf4 31. exf4 $11 {[%mdl 4096] Endgame KRB-KRB} Bf5 32. Bf1 $1 b6 33. Rd2 Rd8 34. Re2 c5 35. Re5 c4 36. a4 $1 Be6 37. Kf2 Bf5 38. h5 Bc2 39. Bh3 {Threatens to win with Re6+.} Rd6 40. Ke3 Bxa4 41. Rf5+ Kg7 {[#] aiming for ...Bd7.} 42. Re5 Bc6 43. Re7+ Kf8 $1 {[%cal Rf8e7]} 44. Ra7 Be8 (44... Ke8 $11) 45. Bg4 (45. f5 $1 $14) 45... Bf7 46. Bd7 Be6 47. Bb5 Bf5 48. Rb7 Re6+ 49. Kf2 Bd3 50. Kg3 Re2 51. f5 Rxb2 52. Bd7 $2 (52. Rb8+ $1 $11 {and White has nothing to worry.} Kg7 53. Rb7+ Kf8 54. Rb8+ Ke7 55. Rb7+ Kf8) 52... c3 $19 {[#] Strongly threatening ...c2.} 53. Rc7 $2 {[%mdl 8192]} (53. Be6 $17 Re2 54. Rb8+ Ke7 55. Rb7+ Kd8 56. Rb8+ Kc7 57. Rc8+ Kd6 58. Rxc3) 53... Re2 $2 ({Better is} 53... c2 $19 {Hoping for ...Bc4.} 54. Ba4 b5 55. Rc8+ Kf7 56. Bxc2 Rxc2) 54. Rxc3 $11 Bc4 $1 {And now ...b5 would win.} 55. Ra3 $1 Ke7 56. Be6 $1 Kf6 (56... Rd2 $15 57. Re3 Kf6) 57. Ra1 $1 {The position is equal.} Rd2 58. Bd7 $1 Kg5 59. Rb1 b5 $1 {[%cal Rb5b4]} ({Avoid the trap} 59... Rxd4 $2 60. Rxb6 Kxh5 61. f6 $18) 60. Bxb5 Bxb5 61. Rxb5 Rxd4 62. Rxa5 Kxf5 {KR-KR} 63. Ra6 Kg5 64. Rg6+ Kxh5 65. Rg8 Ra4 66. Rd8 Ra5 67. Rg8 Ra6 {White must now prevent ...Rg6+.} 68. Rd8 Rg6+ 69. Kh3 Rg5 70. f4 Rf5 71. Rd6 Rxf4 {Precision: White = 66%, Black = 64%.} 1/2-1/2

[Event "53rd Capablanca Memorial 2018"]
[Site "Havana"]
[Date "2018.05.13"]
[Round "5"]
[White "Shankland, Samuel"]
[Black "Bacallao Alonso, Yusnel"]
[Result "1-0"]
[WhiteElo "2701"]
[BlackElo "2594"]
[Annotator "TA"]
[PlyCount "63"]
[EventDate "2018.05.19"]
[EventType "tourn"]
[EventCountry "CUB"]
[SourceTitle "playchess.com"]
[Source "ChessBase"]
[SourceQuality "1"]

{[%evp 19,63,1,32,19,63,29,47,35,35,32,46,32,36,27,21,24,25,7,42,0,0,0,0,0,0,0,70,90,140,212,204,200,179,157,321,333,664,643,635,545,997,989,966,908,29985,29982]} 1. e4 {[%cal Be2e4,Be4e5][%mdl 32]} c6 2. d4 d5 3. e5 c5 4. dxc5 e6 5. Nf3 Bxc5 6. a3 {B12: Caro-Kann: Advance Variation} (6. Bd3 Ne7 7. O-O Ng6 8. a3 O-O 9. Nbd2 Nc6 10. b4 Bb6 11. Bb2 Nf4 12. Nb3 a5 13. Qd2 Nxd3 14. cxd3 {½-½ (38) Vitiugov,N (2735)-Anand,V (2776) Karlsruhe/Baden-Baden 2018}) 6... Ne7 7. b4 Bb6 8. Bd3 a5 9. b5 Nd7 10. O-O Ng6 {LiveBook: 3 Games} 11. Bb2 Qc7 {[%cal Rd7e5]} 12. Re1 a4 13. Nbd2 $146 Nc5 14. Bxg6 $1 fxg6 15. Qe2 O-O 16. Bd4 Ba5 17. Rec1 b6 18. c4 Qe7 19. Qe3 Bb7 20. cxd5 Bxd5 21. Bxc5 bxc5 22. Rab1 Qb7 (22... Rab8 $11) 23. Nc4 $14 Bxf3 24. gxf3 Rxf3 25. Qxc5 Qe4 {[#] aiming for ...Qg4+.} 26. Nxa5 {Strongly threatening b6.} Rf4 $2 (26... Qg4+ $16 {is a better defense.} 27. Kh1 Rxa5) 27. h3 $18 Qf5 $2 (27... Rf5 28. Qe3 Qxe3 29. fxe3 Rxa5) 28. Rb4 Qg5+ 29. Kh2 Rf3 {intending ...Qf5.} 30. Rc3 Rxc3 31. Qxc3 Rxa5 32. b6 {Precision: White = 60%, Black = 25%.} 1-0

[Event "53rd Capablanca Memorial 2018"]
[Site "Havana"]
[Date "2018.05.13"]
[Round "5"]
[White "Dreev, Aleksey"]
[Black "Anton Guijarro, David"]
[Result "1-0"]
[WhiteElo "2653"]
[BlackElo "2646"]
[Annotator "TA"]
[PlyCount "67"]
[EventDate "2018.05.19"]
[EventType "tourn"]
[EventCountry "CUB"]
[SourceTitle "playchess.com"]
[Source "ChessBase"]
[SourceQuality "1"]

{[%evp 12,67,18,12,20,15,15,8,20,0,39,23,23,10,54,44,54,54,54,58,78,77,72,72,75,70,107,91,102,103,120,114,158,97,136,105,109,110,121,107,195,177,222,222,210,213,215,215,439,433,345,318,408,406,374,360,900,884]} 1. d4 Nf6 2. Nf3 d5 3. c4 e6 4. Bg5 h6 5. Bxf6 Qxf6 6. Nbd2 {D30: Queen's Gambit Declined: Systems without Nc3} Qd8 7. g3 {LiveBook: 3 Games} g6 $146 ({Predecessor:} 7... c5 8. Bg2 dxc4 9. Qa4+ Nd7 10. O-O a6 11. dxc5 Bxc5 12. Qxc4 b5 13. Qc3 Qf6 {½-½ (46) Navara,D (2725)-Movsesian,S (2673) Prague 2016}) 8. Bg2 {The position is equal.} Bg7 9. O-O O-O 10. Qc2 Nd7 11. Rac1 c6 12. e4 $36 {[%cal Be2e4,Be4e5][%mdl 2080] White has some pressure.} Qb6 13. Rfd1 Rd8 14. e5 a5 15. h4 Nf8 16. Nf1 Bd7 17. Ne3 Be8 18. a3 Rac8 19. Qd2 h5 20. Bh3 {cxd5 is the strong threat.} Bh6 21. Ng5 $1 {aiming for cxd5.} Ra8 22. Rc3 (22. g4 $142 $1) 22... Nh7 23. f4 dxc4 24. Nxc4 Qa7 {[#]} 25. Ne4 $1 c5 (25... Bf8 $16) 26. Ncd6 $18 cxd4 27. Rc7 (27. Qxd4 $6 Qxd4+ 28. Rxd4 Bc6 $16) 27... d3+ {[#]} 28. Qf2 $1 {[%cal Rf2a7]} Qxf2+ 29. Kxf2 Ra6 $2 (29... Bf8 30. Nxe8 (30. Rxb7 Bc6 $16) (30. Nxb7 Rdb8 $16) (30. Rxd3 Bc6 $18) 30... Rxe8 31. Rxd3 Rac8 32. Rxb7 Re7) 30. Nxe8 Rxe8 31. Nd6 ({Resist} 31. Rxb7 Raa8 $18) 31... Rb8 32. Nxf7 Bf8 33. Rxd3 Rb6 $2 (33... Rc6) 34. Nd8 {Precision: White = 81%, Black = 48%.} 1-0

[Event "53rd Capablanca Memorial 2018"]
[Site "Havana"]
[Date "2018.05.13"]
[Round "5"]
[White "Rakhmanov, Aleksandr"]
[Black "Bruzon Batista, Lazaro"]
[Result "1/2-1/2"]
[WhiteElo "2635"]
[BlackElo "2664"]
[Annotator "TA"]
[PlyCount "37"]
[EventDate "2018.05.19"]
[EventType "tourn"]
[EventCountry "CUB"]
[SourceTitle "playchess.com"]
[Source "ChessBase"]
[SourceQuality "1"]

{[%evp 12,37,4,-8,20,12,24,10,17,0,14,14,20,17,20,0,11,0,0,-22,-26,-18,-17,-30,0,0,0,-36]} 1. d4 Nf6 2. Nf3 g6 3. g3 c5 4. c3 Na6 5. Bg2 Bg7 6. O-O O-O 7. Bg5 {LiveBook: 4 Games. A49: 1 d4 Nf6 2 Nf3 g6 3 g3: Anti-King's Indian systems} (7. a3 b6 8. Ne5 d5 9. Be3 Bb7 10. Nd2 Nd7 11. f4 f6 12. Nef3 e6 13. g4 e5 14. f5 gxf5 15. gxf5 Qe7 16. dxe5 fxe5 17. Ng5 Nc7 {½-½ (17) Sargissian,G (2677)-Kovalev,V (2641) Moscow 2018}) 7... h6 8. Bxf6 Bxf6 9. Qd2 $146 {White has an edge.} ({Predecessor:} 9. e3 Rb8 10. Nbd2 Bg7 11. a4 d6 12. Qe2 b6 13. Rfd1 Nc7 14. Nb3 Qe8 {½-½ (39) Vidit,S (2508)-Deepan Chakkravarthy,J (2470) Aurangabad 2011}) 9... Bg7 10. c4 d5 11. cxd5 Qxd5 {[%cal Rc5d4]} 12. Nc3 Qh5 13. dxc5 Qxc5 14. Rac1 Be6 15. Rfd1 Qb6 16. Na4 Qb4 17. Nc3 Qb6 18. Na4 Qb4 19. Nc3 {Precision: White = 45%, Black = 50%.} 1/2-1/2

[Event "53rd Capablanca Memorial 2018"]
[Site "Havana"]
[Date "2018.05.15"]
[Round "6"]
[White "Shankland, Samuel"]
[Black "Rakhmanov, Aleksandr"]
[Result "1-0"]
[WhiteElo "2701"]
[BlackElo "2635"]
[Annotator "TA"]
[PlyCount "83"]
[EventDate "2018.05.19"]
[EventType "tourn"]
[EventCountry "CUB"]
[SourceTitle "playchess.com"]
[Source "ChessBase"]
[SourceQuality "1"]

{[%evp 14,83,36,36,36,16,26,25,22,14,15,13,48,39,44,38,55,38,115,54,118,119,121,126,140,126,138,140,128,135,130,144,137,136,130,134,135,136,160,170,169,147,161,170,192,179,194,161,220,183,515,512,499,501,606,606,587,585,557,552,1153,1147,1133,1126,1117,1114,5618,1783,1447,1104,1055,968]} 1. c4 e6 2. g3 d5 3. Bg2 g6 4. Nf3 Bg7 5. d4 Nc6 6. O-O Nge7 7. e3 O-O 8. Nc3 b6 {A13: English Opening: 1...e6} 9. Qe2 (9. cxd5 exd5 10. b3 a5 11. Ba3 Nb4 12. Qd2 Ba6 13. Rfd1 Re8 14. Rac1 Bf8 15. Ne5 f6 16. Nf3 {0-1 (77) Krylov,M (2476)-Rakhmanov,A (2655) Serpukhov 2018}) 9... Ba6 10. b3 dxc4 {White has an edge.} 11. Ba3 $146 ({Predecessor:} 11. bxc4 Na5 12. Nb5 c6 13. Na3 Nf5 14. Qc2 Rc8 15. Bb2 Nd6 16. Nd2 {1-0 (42) Khristenko,A (1853)-Maltsevskaya,A (2180) Nebug 2016}) 11... Re8 12. Rac1 Qd7 13. Rfd1 Rad8 14. bxc4 Qc8 15. Nb5 Na5 (15... Bb7 $1 $14) 16. Nd2 (16. Nxa7 $6 Qb8 $14) (16. Bb4 $16) 16... Qd7 (16... Qb8 $14) 17. Nb3 $1 $16 (17. Nxa7 c6 $17) 17... Nxb3 18. axb3 Nc8 19. d5 e5 {[#]} 20. Nc3 $1 Nd6 21. Qa2 {Bxd6 is the strong threat.} Bc8 22. b4 a6 23. c5 $36 {[%mdl 2048] White is really pushing.} Nb5 24. Nxb5 Qxb5 25. Qc2 {Hoping for c6.} e4 26. Bf1 (26. Bxe4 $6 bxc5 27. bxc5 Qa5 $11) 26... Qd7 27. d6 {And now c6 would win.} bxc5 28. bxc5 cxd6 29. Rxd6 ({Resist} 29. cxd6 Qf5 $16) 29... Qc7 30. Rxd8 Qxd8 (30... Rxd8 $142 31. Qxe4 Bf5) 31. Qa4 $18 {Threatens to win with Rd1.} h5 $2 (31... Bf8 {is a better chance.} 32. Bb2 (32. Bxa6 Bxa6 33. Qxa6 Qd3 $16) 32... Bg7) 32. Rd1 {White is clearly winning.} Qe7 33. c6 {[%cal Bc5c6,Bc6c7][%mdl 32]} Qc7 34. Bd6 Qb6 35. c7 Re6 36. Bf4 g5 37. Rd8+ Kh7 38. Rxc8 gxf4 39. Qd7 fxe3 {[#]} 40. Rb8 (40. Rh8+ $142 $1 {[%mdl 512]} Bxh8 41. Qxf7+ Bg7 42. c8=Q exf2+ 43. Kg2 Kh6 44. Qfxe6+ Qxe6 45. Qxe6+ Bf6 46. Qxf6+ Kh7 47. Bc4) 40... exf2+ 41. Kg2 Qe3 42. Qxf7 {Precision: White = 77%, Black = 53%.} ({Inferior is} 42. c8=Q Qf3+ 43. Kh3 Qg4+ 44. Kg2 Qf3+ 45. Kh3 Qg4+ 46. Kg2 Qf3+ $11) 1-0

[Event "53rd Capablanca Memorial 2018"]
[Site "Havana"]
[Date "2018.05.15"]
[Round "6"]
[White "Bruzon Batista, Lazaro"]
[Black "Anton Guijarro, David"]
[Result "0-1"]
[WhiteElo "2664"]
[BlackElo "2646"]
[Annotator "TA"]
[PlyCount "82"]
[EventDate "2018.05.19"]
[EventType "tourn"]
[EventCountry "CUB"]
[SourceTitle "playchess.com"]
[Source "ChessBase"]
[SourceQuality "1"]

{[%evp 24,82,43,23,26,33,44,-29,0,0,0,-9,-9,-35,0,0,0,0,0,0,0,0,0,0,0,0,0,0,0,-8,0,0,0,0,0,-36,0,-47,0,0,0,-69,-66,-165,-74,-76,-73,-89,-75,-488,-501,-791,-841,-789,-759,-722,-672,-950,-732,-5393,-4148]} 1. e4 e5 2. Nf3 Nc6 3. Bb5 a6 4. Ba4 Nf6 5. O-O Nxe4 6. d4 b5 7. Bb3 d5 8. dxe5 Be6 9. c3 Be7 10. Bc2 O-O 11. Nbd2 {[%cal Bb1d2,Bd2b3,Bb3d4][%mdl 32]} f5 12. Nb3 Qd7 13. Nbd4 {LiveBook: 78 Games. C83: Open Ruy Lopez: 9 c3 Be7} (13. Nfd4 Nxd4 14. Nxd4 c5 15. Nxe6 Qxe6 16. f3 Ng5 17. a4 Rad8 18. axb5 axb5 19. Bxg5 Bxg5 20. f4 Be7 21. Kh1 d4 22. cxd4 c4 23. b3 Bc5 24. bxc4 Rxd4 {½-½ (32) Anand,V (2767)-So,W (2792) Wijk aan Zee 2018}) 13... Nd8 14. Bb3 c6 15. a4 (15. Ne2 $14) 15... b4 $146 ({Predecessor:} 15... Rc8 16. axb5 axb5 17. Qe2 Kh8 18. Rd1 Bg8 19. Bd2 Rb8 20. Be1 c5 {0-1 (44) Abramenko,S (2166)-Smolich,P (2238) Minsk 2009}) 16. cxb4 Bxb4 17. Bg5 Kh8 18. Rc1 {[#] Threatens to win with Bxd8.} (18. Bxd8 {with more complications.} Raxd8 19. a5 c5 20. Ra4 g5 21. Rxb4 cxb4 22. Ne1) 18... c5 (18... Rc8 {seems wilder.} 19. a5 Nxg5 20. Nxg5 Bg8 21. Ba4 Qe7) 19. Nxe6 Nxe6 20. Bxd5 N4xg5 21. Bxa8 Qxd1 22. Rfxd1 {Strongly threatening Nxg5.} Rxa8 23. Nxg5 Nxg5 24. Rd6 Kg8 25. Rcd1 a5 26. Kf1 f4 27. h4 Nf7 28. Re6 $1 Kf8 29. Ke2 Re8 30. Rxe8+ Kxe8 31. e6 Ne5 32. Rd6 (32. Rd5 $11 Nc6 33. Kf3) 32... c4 {[%cal Bc5c4,Bc4c3][%mdl 32]} 33. Ra6 (33. Rd4 $15) 33... Nd3 (33... h5 $19 {is more deadly.} 34. Ra7 g6) 34. Ra7 $17 Nxb2 35. Rxg7 h6 36. Rc7 $2 {[%mdl 8192]} (36. Rh7 $17) 36... c3 $19 {Black is clearly winning.} 37. g4 {[#]} (37. Rd7 $142 Nxa4 38. Kd1) 37... fxg3 $1 38. fxg3 Nxa4 39. Kd1 Nc5 ({Less strong is} 39... Bd6 40. Ra7 $17) 40. Rc6 Ke7 41. g4 Nxe6 {Precision: White = 40%, Black = 74%.} 0-1

[Event "53rd Capablanca Memorial 2018"]
[Site "Havana"]
[Date "2018.05.15"]
[Round "6"]
[White "Dreev, Aleksey"]
[Black "Bacallao Alonso, Yusnel"]
[Result "1/2-1/2"]
[WhiteElo "2653"]
[BlackElo "2594"]
[Annotator "TA"]
[PlyCount "65"]
[EventDate "2018.05.19"]
[EventType "tourn"]
[EventCountry "CUB"]
[SourceTitle "playchess.com"]
[Source "ChessBase"]
[SourceQuality "1"]

{[%evp 24,65,29,28,41,50,52,46,32,40,66,53,105,102,111,103,115,66,67,79,77,54,50,35,33,37,33,33,31,29,37,0,0,-112,-112,-120,-120,-118,-111,-120,-118,-116,-112,-111]} 1. d4 Nf6 2. Nf3 b6 3. c4 e6 4. a3 Ba6 5. Qc2 Bb7 6. Nc3 c5 7. e4 cxd4 8. Nxd4 Bc5 9. Nb3 Nc6 10. Bf4 e5 11. Bg5 h6 12. Bh4 {E12: Queen's Indian: Unusual White 4th moves, 4 a3, 4 Nc3 Bb7 5 a3 and 4 Nc3 Bb7} O-O 13. Bd3 {LiveBook: 5 Games} (13. f3 a6 14. Nd5 Nd4 15. Nxd4 Bxd5 16. Nb3 Be6 17. Be2 Be7 18. O-O a5 19. a4 Qc7 20. Kh1 Rac8 {½-½ (20) Vorobiov,E (2571)-Iturrizaga Bonelli,E (2624) Cappelle-la-Grande 2016}) 13... Nd4 14. Nxd4 {White is slightly better.} Bxd4 15. Nb5 Bc5 {[#]} 16. O-O $146 ({Predecessor:} 16. b4 Be7 17. Bxf6 Bxf6 {½-½ (73) Gormally,D (2513)-Devereaux,M (2377) Hereford 2006}) 16... Be7 17. Qe2 Re8 (17... a6 $14 18. Nc3 Rc8) 18. Bxf6 $1 $16 Bxf6 19. Nd6 Rf8 20. Nxb7 Qc7 21. c5 {[#] Nd6 is the strong threat.} Qxb7 22. Bc4 {Black must now prevent Bd5.} Rab8 23. b4 {[%cal Bb2b4,Bb4b5][%mdl 32]} bxc5 24. b5 d5 25. exd5 e4 26. Rae1 Rbe8 27. Qg4 Be5 28. Qxe4 ({Don't blunder} 28. Rxe4 $2 f5 $19) (28. g3 $11) 28... Bxh2+ $1 $17 {Black is better.} 29. Kxh2 Rxe4 30. Rxe4 Rd8 31. Rfe1 Rd7 32. g3 g6 33. a4 {Precision: White = 51%, Black = 61%.} 1/2-1/2

[Event "53rd Capablanca Memorial 2018"]
[Site "Havana"]
[Date "2018.05.16"]
[Round "7"]
[White "Shankland, Samuel"]
[Black "Bruzon Batista, Lazaro"]
[Result "1-0"]
[WhiteElo "2701"]
[BlackElo "2664"]
[Annotator "TA"]
[PlyCount "79"]
[EventDate "2018.05.19"]
[EventType "tourn"]
[EventCountry "CUB"]
[SourceTitle "playchess.com"]
[Source "ChessBase"]
[SourceQuality "1"]

{[%evp 13,79,9,21,6,31,25,26,23,25,25,31,27,54,51,47,47,50,52,70,60,82,68,77,55,84,52,61,70,70,52,61,43,93,94,101,98,103,101,472,426,545,204,203,201,196,195,195,195,202,202,200,199,197,172,188,176,197,151,166,157,146,139,147,116,307,317,392,414]} 1. Nf3 Nf6 2. c4 e6 3. Nc3 d5 4. d4 Nbd7 5. Bg5 Be7 6. cxd5 Nxd5 7. Bxe7 {D53: Queen's Gambit Declined: 4 Bg5 Be7: Early deviations} Qxe7 {LiveBook: 13 Games} 8. Rc1 {Threatening Nxd5.} c6 (8... Nxc3 9. Rxc3 c6 10. g3 O-O 11. Bg2 e5 12. O-O e4 13. Nd2 f5 14. Qb3+ Kh8 {½-½ (33) Ivanchuk,V (2726)-Kramnik,V (2777) Berlin 2015}) 9. e4 {White is slightly better.} Nxc3 10. bxc3 O-O $146 ({Predecessor:} 10... Nf6 11. Bd3 O-O 12. O-O Bd7 13. Bb1 Rad8 14. Qe2 Be8 {½-½ (46) Simonsen,I-Da Silva,R Brazil CXEB 1988}) 11. Bd3 c5 12. O-O Rd8 13. Re1 $36 {[%mdl 2048] Black is under pressure.} Nf8 14. Qd2 Bd7 15. d5 exd5 16. exd5 Qd6 17. c4 h6 18. Qb2 b6 19. Nd2 Re8 20. Ne4 Qf4 21. Re3 Ng6 22. Rce1 Ne5 23. Be2 {[%cal Bd3e2,Be2h5,Bh5f7][%mdl 32]} Ng6 24. Bh5 Ne5 25. Qc3 Bg4 $2 {[%mdl 8192] [#]} (25... Ng6 $16 {is more resistant.}) 26. Nd6 Red8 27. Qxe5 $2 (27. Rxe5 Bxh5 28. Nf5) 27... Qxe5 $18 28. Bxf7+ ({But not} 28. Rxe5 $6 Bxh5 29. Nb7 (29. Rxh5 Rxd6 30. Rhe5 b5 $14) 29... Rdb8 $16) 28... Kf8 29. Rxe5 Rxd6 30. Be8 Bd7 {[#]} 31. Bxd7 $1 Rxd7 {[%mdl 4096] Endgame KRR-KRR} 32. a4 a6 33. Rb1 Rb8 34. g3 Rdb7 35. d6 Rd8 36. Rd5 Kf7 37. f4 {[%cal Bf2f4,Bf4f5][%mdl 32]} Ke6 38. f5+ Kf6 $2 (38... Kd7 $16) 39. Kf2 Rdb8 40. Kf3 {Precision: White = 51%, Black = 36%.} 1-0

[Event "53rd Capablanca Memorial 2018"]
[Site "Havana"]
[Date "2018.05.16"]
[Round "7"]
[White "Rakhmanov, Aleksandr"]
[Black "Dreev, Aleksey"]
[Result "1/2-1/2"]
[WhiteElo "2635"]
[BlackElo "2653"]
[Annotator "TA"]
[PlyCount "37"]
[EventDate "2018.05.19"]
[EventType "tourn"]
[EventCountry "CUB"]
[SourceTitle "playchess.com"]
[Source "ChessBase"]
[SourceQuality "1"]

{[%evp 23,37,-26,-20,-9,8,0,0,-21,0,0,0,0,0,-2,-2,-15]} 1. c4 c6 2. e4 d5 3. cxd5 cxd5 4. exd5 Nf6 5. Qa4+ Nbd7 6. Nc3 g6 7. Nf3 Bg7 8. Bc4 {B10: Caro-Kann: 2 d3 and 2 c4} O-O 9. d3 a6 10. Qa3 b6 11. O-O Bb7 12. Re1 Re8 {LiveBook: 92 Games} 13. Be3 {The position is equal.} Rc8 (13... b5 14. Bb3 Nb6 15. Bxb6 Qxb6 {0-1 (36) Bortnyk,O (2579)-Grischuk,A (2747) ICC INT 2016}) 14. Qb4 Nc5 {[#]} 15. Rac1 $146 ({Predecessor:} 15. Bxc5 Rxc5 {½-½ (27) Bortnyk,O (2565)-Bajarani,U (2532) Ordu 2016}) 15... a5 16. Qa3 $1 Nxd5 17. Nxd5 Bxd5 18. Bxd5 Qxd5 19. Bxc5 1/2-1/2

[Event "53rd Capablanca Memorial 2018"]
[Site "Havana"]
[Date "2018.05.16"]
[Round "7"]
[White "Bacallao Alonso, Yusnel"]
[Black "Anton Guijarro, David"]
[Result "0-1"]
[WhiteElo "2594"]
[BlackElo "2646"]
[Annotator "TA"]
[PlyCount "100"]
[EventDate "2018.05.19"]
[EventType "tourn"]
[EventCountry "CUB"]
[SourceTitle "playchess.com"]
[Source "ChessBase"]
[SourceQuality "1"]

{[%evp 19,100,0,8,-9,24,0,0,12,24,0,39,38,75,0,0,7,0,0,18,0,15,16,51,29,38,16,104,102,156,131,174,106,119,91,104,113,131,113,78,33,31,0,0,-15,-19,-15,-15,-105,-87,-170,-187,-326,-415,-416,-389,-422,-410,-541,-533,-533,-523,-489,-527,-507,-484,-726,-726,-1071,-680,-678,-668,-691,-643,-2532,-2629,-1322,-1210,-1012,-1009,-29992,-29993,-29995,-29996]} 1. Nf3 Nf6 2. c4 e6 3. g3 d5 4. Bg2 dxc4 5. Qa4+ Bd7 6. Qxc4 {A13: English Opening: 1...e6} c5 7. Ne5 Qc8 8. Qd3 Nc6 9. Nxd7 Nxd7 10. Nc3 Be7 {LiveBook: 3 Games} 11. Qb5 h5 $146 {[%cal Bh7h5,Bh5h4,Bh4h3][%mdl 32]} ({Predecessor:} 11... a6 12. Qa4 Nd4 13. O-O O-O {1-0 (33) Aronian,L (2797)-Sethuraman,S (2646) Caleta 2018}) 12. d3 Nd4 13. Qa4 $1 ({But not} 13. Bxb7 Qc7 $17) ({Not} 13. Qxb7 $2 Qxb7 14. Bxb7 Rb8 $19) 13... h4 14. O-O h3 15. Bh1 O-O {[#]} 16. Be3 (16. e3 $1 $16 {[%cal Re3d4]} Nf5 17. Rd1) 16... Nb6 $11 17. Qd1 Qd7 18. a4 a5 19. b3 f5 20. Bd2 Rfd8 21. Rc1 g6 22. Re1 Kh7 (22... Nc6 $1 $11 {keeps the balance.}) 23. e4 $16 Bf8 ({Black should play} 23... Nc6) 24. Bg5 Re8 25. Re3 (25. Ne2 $18) 25... Bh6 26. Bxh6 Kxh6 27. Ne2 Qd6 28. Nxd4 cxd4 29. Re1 Nd7 30. Rc2 Kg7 31. Rce2 {Hoping for exf5.} f4 $1 32. e5 Qb4 33. Qc1 {[#]} (33. Rf1 $11 {remains equal.}) 33... Rf8 $1 $17 34. Rc2 {[#]} (34. Qc4 $17) 34... Rac8 $3 $19 {[%cal Rc8c2][%mdl 512]} 35. Rc4 (35. Rxc8 $142 Rxc8 36. Qd1) 35... Rxc4 36. bxc4 Nc5 37. Be4 f3 38. Rf1 Nxe4 39. dxe4 Qxa4 {[%mdl 4096] Endgame KQR-KQR} 40. Rd1 Rd8 41. Rd3 Qb4 42. Qd1 (42. Qf1 $142 Qxc4 43. Qd1) 42... a4 43. c5 Qxc5 44. Qxa4 Qxe5 45. Qa3 {Threatens to win with Qe7+.} Qxe4 {[%cal Re4e1]} 46. Qe7+ Kh6 {[%cal Re4e1]} 47. Rd1 Rc8 48. Kh1 d3 {[%cal Bd4d3,Bd3d2][%mdl 32] ( -> ...d2!)} 49. Rg1 d2 50. Qd7 {[#]} Qe1 $1 {[%mdl 512] Precision: White = 38%, Black = 54%.} 0-1

[Event "53rd Capablanca Memorial 2018"]
[Site "Havana"]
[Date "2018.05.17"]
[Round "8"]
[White "Bruzon Batista, Lazaro"]
[Black "Bacallao Alonso, Yusnel"]
[Result "1/2-1/2"]
[WhiteElo "2664"]
[BlackElo "2594"]
[Annotator "TA"]
[PlyCount "27"]
[EventDate "2018.05.19"]
[EventType "tourn"]
[EventCountry "CUB"]
[SourceTitle "playchess.com"]
[Source "ChessBase"]
[SourceQuality "1"]

{[%evp 9,27,1,6,0,0,-16,-14,-11,-6,-10,0,-4,-5,-15,-8,-20,1,-10,19,-7]} 1. d4 Nf6 2. Nf3 b6 3. Bf4 e6 4. e3 Bb7 5. Nbd2 h6 {LiveBook: 7 Games. The position is equal.} (5... Bd6 6. Bg3 O-O 7. Bd3 h6 8. c3 Bxg3 9. hxg3 d6 10. Qe2 Nbd7 11. e4 e5 12. dxe5 dxe5 13. O-O-O {1-0 (27) Le,Q (2737)-Salgado Lopez,I (2644) Riadh 2017}) 6. Bd3 {A47: 1 d4 Nf6 2 Nf3 b6: Torre, London and Colle Systems} Nh5 7. Bg3 d6 $146 ({Predecessor:} 7... Nxg3 8. hxg3 d6 9. c3 Be7 10. Qe2 c5 11. O-O O-O 12. Rfe1 Nc6 13. a3 {0-1 (43) Barbosa,E (2032)-Delgado Ramirez,N (2631) Brasilia 2016}) 8. Qe2 Nd7 9. Ba6 Qc8 10. Bxb7 Qxb7 11. O-O Nxg3 12. hxg3 g6 13. a4 a6 14. c3 1/2-1/2